| 000 | 00744cam a22002051 4500 | ||
|---|---|---|---|
| 082 |
_a620.110287 _bHAT _cL-4, P-10 |
||
| 100 | 1 |
_aHatt, William Kendrick. _940739 |
|
| 245 | 1 | 0 |
_aLaboratory manual of testing materials, _cby William Kendrick Hatt... and H. H. Scofield... |
| 250 | _a3d ed... | ||
| 260 |
_aNew York [etc.] _bMcGraw-Hill book company, inc., _c1926. |
||
| 300 |
_axii, 182 p. _billus., diagrs. _c29 cm. |
||
| 526 |
_a0 _b0 _c0 _d620_110287000000000_HAT |
||
| 526 |
_a0 _b0 _c0 _d620_110287000000000_HAT |
||
| 526 |
_a0 _b0 _c0 _d620_110287000000000_HAT |
||
| 650 | 0 |
_aBuilding materials _xTesting. _940740 |
|
| 650 | 0 |
_aMCE _9379 |
|
| 650 | 0 |
_aStrength of materials. _9563 |
|
| 700 | 1 |
_aScofield, Herbert Henry, _940741 |
|
| 942 |
_2ddc _cBK |
||
| 999 |
_c544994 _d544994 |
||